Území se specifickými funkcemi

Guardado en:
Detalles Bibliográficos
Formato: Libro
Lenguaje:checo
Publicado: Praha Ministerstvo výstavby a techniky ČSR 1979
Etiquetas: Agregar Etiqueta
Sin Etiquetas, Sea el primero en etiquetar este registro!

MARC

LEADER 00000nam a2200000 4500
001 0222949
005 20240822101702.6
041 0 |a cze 
044 |a CZ 
245 1 0 |a Území se specifickými funkcemi 
264 1 |a Praha  |b Ministerstvo výstavby a techniky ČSR  |c 1979 
300 |a 44 s.